000 00245nam a2200097Ia 4500
008 220204s9999 xx 000 0 und d
082 _a65(058)(548.3)
_bBUS
245 0 _aBusiness directory: Kerala
260 _aKerala
_bNational
_c1980
942 _cBK
999 _c35032
_d35032